01786nam a22002177a 4500003000900000008004100009040007100050082002100121110005500142245005200197260002700249300002900276440006200305505107100367650001901438650002001457650001001477700002601487700002801513700002701541AR-CdUCM190425b ||||| |||| 00| 0 spa d aMUNICIPALIDAD PROVINCIAL DEL CUSCOcBIBLIOTECA MUNICIPAL DEL CUSCO aWillaq/N°1/1996 aUniversidad Nacional de San Antonio Abad del Cusco aWillaq :bRevista de Comunicación y Cultura / aCusco.bUNSAAC,c1996. a277 páginas. :c21 cm. aWillaq Revista de Comunicación y CulturanN°[sn] .1996 aContenido: La Ciencia de la Comunicación. Gladys G. Concha Flores. -- Potencialidades tecnológicas de los medios de comunicación nuevos usos sociales. Guísela Yabar Torres. -- Motivación y comportamiento Humano. Julio Abarca. -- Contactos interlingüísticas del castellano en el Perú. Urbano López Romero. -- Diccionario consolidado Quechua en circulación. Julio Apaza Gonzales. -- Pérez Ocampo o la poesía de un plural desvelo. Mario Pantoja Palomino. -- Los mitos Incas en los comentarios reales. Julio Galdo Bellota. -- José María Arguedas itinerario de un educador. Ángel Núñez Salas. -- Machupicchu expresión del poder de los Inkas en los mitos andinos. Efraín Cáceres. -- Apuntes para una historia de la imprenta en el Perú. Enrique Rozas Paravicino. -- El observatorio astronómico Inka de Sacsayhuaman. Julio Palomino Díaz. -- El vocablo Indio. Félix Rocabado Muriel. -- Perú Suyanman kuinpuspay volviendo a mi patria el Perú. Faustino Espinoza Navarro. -- Filosofía Andina. Armando Valenzuela Lovón... aComunicación aLingüística aInkas aConcha Flores, Gladys aYabar Torres, Guísela aLópez Romero, Urbano